000 00320nam a22001337a 4500
008 171002b xxu||||| |||| 00| 0 eng d
020 _a9780312643560
041 _aeng
080 _29TH
_8
_a37
100 _a47
101 _aEDU
245 _aWAYS OF READING AN ANTHOLOGY FOR WRITERS
_cBARTHOLOMAE,D
942 _2udc
_cBK
999 _c31115
_d31115